00517 2200193 4500001002100000005001700021008004100038020002200079035002400101040001200125082000800137090001500145245004500160260003700205300002400242650002000266850001200286990002500298YOGYA-1111000000002720111101185155.0 ind  a978-979-025-769-1 0010-111100000000027 aYOPDYOG a030 aKS 030 Kam aKAMUS Visual anak Thomasccerita W.Awdry aJakartabErlangga for kidsc2010 a[22]hlmbilusc25cm aKamus bergambar aYOPDYOG a2939-2940-KS/B.11b2